[Event "28. SPRING FESTIVAL -  BUDAPEST"]
[Site "Budapest"]
[Date "2012.03.27"]
[Round "2.11"]
[White "Lyell, Mark"]
[Black "Bodrogi, Mihaly"]
[Result "1-0"]
[WhiteElo "2202"]
[BlackElo "2057"]
[PlyCount "49"]
[EventDate "2012.03.26"]

1. e4 c5 2. Nc3 d6 3. f4 Nc6 4. Nf3 g6 5. Bc4 Bg7 6. d3 Nd4 7. Nxd4 cxd4 8. Ne2
e6 9. Bb3 a5 10. c3 dxc3 11. Nxc3 Ne7 12. Be3 Nc6 13. O-O Bd4 14. Qf3 O-O 15.
Kh1 Qb6 16. Rae1 Bxe3 17. Rxe3 Nd4 18. Qh3 Qd8 19. f5 exf5 20. Qh6 Qf6 21. Nd5
Qg7 22. Qg5 h5 23. Nf6+ Kh8 24. Rh3 f4 25. Rxh5+ 1-0

[Event "28. SPRING FESTIVAL -  BUDAPEST"]
[Site "Budapest"]
[Date "2012.03.27"]
[Round "2.12"]
[White "Grimm, Gyorgy"]
[Black "Csonka, Balazs"]
[Result "0-1"]
[WhiteElo "1962"]
[BlackElo "2299"]
[PlyCount "98"]
[EventDate "2012.03.26"]

1. e4 e5 2. Nf3 Nc6 3. Bb5 a6 4. Ba4 Nf6 5. O-O Be7 6. d3 b5 7. Bb3 d6 8. h3
Na5 9. c3 Nxb3 10. Qxb3 O-O 11. a4 Be6 12. Qc2 c5 13. axb5 axb5 14. Rxa8 Qxa8
15. b4 c4 16. d4 Nxe4 17. dxe5 dxe5 18. Nxe5 Bf6 19. Nf3 Rd8 20. Be3 Bf5 21.
Qb2 Rd3 22. Bd4 Rxf3 23. gxf3 Ng5 24. Nd2 Nxf3+ 25. Nxf3 Qxf3 26. Re1 Be4 27.
Rxe4 Qxe4 28. Bxf6 Qg6+ 29. Kf1 Qxf6 30. Qe2 Qe6 31. Qf3 g6 32. Kg2 Kg7 33. Qf4
Qf6 34. Qe3 Qc6+ 35. Kh2 Qd6+ 36. Kg2 Qd5+ 37. Kh2 h5 38. Qf4 Qe6 39. Kg2 Qf6
40. Qe3 Qf5 41. Qd4+ Kh7 42. Qe3 Kg7 43. Qd4+ f6 44. Qa7+ Kh6 45. Qa8 Kg5 46.
Qa7 Qe4+ 47. Kh2 Qe5+ 48. Kg2 Qxc3 49. Qc5+ Qe5 0-1

[Event "28. SPRING FESTIVAL -  BUDAPEST"]
[Site "Budapest"]
[Date "2012.03.27"]
[Round "2.13"]
[White "Aryan, Chopra"]
[Black "Szalanczy, Emil"]
[Result "1/2-1/2"]
[WhiteElo "1869"]
[BlackElo "2249"]
[PlyCount "43"]
[EventDate "2012.03.26"]

1. e4 c5 2. Nf3 d6 3. d4 cxd4 4. Nxd4 Nf6 5. Nc3 g6 6. Be3 Bg7 7. Qd2 Nc6 8. f3
O-O 9. O-O-O a5 10. g4 a4 11. a3 Bd7 12. h4 Ne5 13. h5 Rc8 14. hxg6 fxg6 15.
Bh6 Rf7 16. Bxg7 Rxg7 17. g5 Nh5 18. f4 Nf7 19. f5 Ng3 20. Rg1 Rxc3 21. Qxc3
Nxe4 22. Qe3 {after 38 move} 1/2-1/2

[Event "28. SPRING FESTIVAL -  BUDAPEST"]
[Site "Budapest"]
[Date "2012.03.27"]
[Round "2.15"]
[White "Halak, Miklos"]
[Black "Varga, Klara"]
[Result "0-1"]
[WhiteElo "2026"]
[BlackElo "2181"]
[PlyCount "124"]
[EventDate "2012.03.26"]

1. e4 e6 2. d4 d5 3. Nc3 Bb4 4. e5 Ne7 5. a3 Bxc3+ 6. bxc3 b6 7. Qg4 Nf5 8. Bd3
h5 9. Qf3 Nc6 10. Bxf5 exf5 11. Nh3 Be6 12. Qg3 Kf8 13. Bg5 Qd7 14. Nf4 Na5 15.
O-O Nc4 16. Rfd1 a5 17. h4 a4 18. Qf3 g6 19. Bf6 Rg8 20. Qg3 Qc6 21. Qg5 Ke8
22. Rd3 Kd7 23. Qh6 Kc8 24. Rg3 Kb7 25. Nd3 Qd7 26. Rb1 Ka7 27. Qc1 Rgc8 28.
Nf4 c5 29. Ne2 Rab8 30. Nf4 Rb7 31. Rd3 Qc6 32. Ne2 Ka8 33. Nf4 Ra7 34. Rg3 Ra5
35. Nd3 Rb5 36. Nb2 Na5 37. Nd3 Ka7 38. Ne1 Ka6 39. Nd3 Rxb1 40. Qxb1 Qb5 41.
Qc1 Nc6 42. Qa1 Ka7 43. Nf4 Re8 44. Rd3 cxd4 45. cxd4 Qc4 46. Qb2 Bd7 47. Rd1
Rc8 48. Rb1 Qxd4 49. c3 Qc5 50. Nxd5 Rb8 51. Rd1 Be6 52. Nb4 Rc8 53. Qe2 Nxb4
54. cxb4 Qc2 55. Rd2 Qc1+ 56. Kh2 Rc4 57. Rd3 Re4 58. Qf3 Re1 59. Bg5 Rh1+ 60.
Kg3 f4+ 61. Qxf4 Qg1 62. Rd2 Rh3# 0-1

[Event "28. SPRING FESTIVAL -  BUDAPEST"]
[Site "Budapest"]
[Date "2012.03.27"]
[Round "2.16"]
[White "Kearns, Christopher"]
[Black "Porkolab, Sandor"]
[Result "1-0"]
[WhiteElo "2079"]
[BlackElo "1936"]
[PlyCount "95"]
[EventDate "2012.03.26"]

1. e4 e6 2. d4 d5 3. Nc3 dxe4 4. Nxe4 Bd7 5. Nf3 Bc6 6. Ng3 Nd7 7. Be2 Ngf6 8.
O-O Be7 9. c4 a5 10. Qc2 O-O 11. Rd1 b6 12. Bf4 Ra7 13. a3 a4 14. Rd2 Qa8 15.
Ne1 Ne4 16. Nxe4 Bxe4 17. Qd1 c5 18. d5 e5 19. Bg3 Bg5 20. Nf3 Bxd2 21. Nxd2
Bg6 22. Nf1 f5 23. f4 e4 24. Ne3 Nf6 25. Be1 Qb8 26. g3 Kh8 27. Bc3 Re8 28. Rb1
Qd6 29. b4 axb3 30. Rxb3 Nd7 31. Qa1 Qe7 32. h4 Qf7 33. h5 Bxh5 34. Bxg7+ Qxg7
35. Qxg7+ Kxg7 36. Nxf5+ Kf6 37. Bxh5 Kxf5 38. Bxe8 Nf6 39. Bc6 Re7 40. Kf2 e3+
41. Ke2 Ne4 42. Rxe3 Nxg3+ 43. Kf3 Rxe3+ 44. Kxe3 Nf1+ 45. Kf2 Nd2 46. d6 Ke6
47. d7 Ke7 48. f5 1-0

[Event "28. SPRING FESTIVAL -  BUDAPEST"]
[Site "Budapest"]
[Date "2012.03.27"]
[Round "2.18"]
[White "Kiss, Peter"]
[Black "Simon, Lili"]
[Result "1-0"]
[WhiteElo "2051"]
[BlackElo "1780"]
[PlyCount "63"]
[EventDate "2012.03.26"]

1. d4 d5 2. g3 Nf6 3. Bg2 Bf5 4. c4 e6 5. Nc3 c6 6. cxd5 cxd5 7. Nf3 Bd6 8. O-O
Nc6 9. Nh4 Bg6 10. Nxg6 hxg6 11. Bg5 Be7 12. e3 O-O 13. h4 Nd7 14. Bxe7 Qxe7
15. Bf3 Rac8 16. Kg2 f5 17. Rh1 Kf7 18. Ne2 Rh8 19. Nf4 Qf6 20. Qb3 Nb6 21. a4
Qd8 22. a5 Nc4 23. Qxb7+ Qc7 24. Qxc7+ Rxc7 25. Nxd5 Rcc8 26. Nf4 Ne7 27. b4
Nd2 28. Bb7 Rc7 29. a6 Rd8 30. b5 Nc4 31. Rhc1 Rdd7 32. Nd3 1-0

[Event "28. SPRING FESTIVAL -  BUDAPEST"]
[Site "Budapest"]
[Date "2012.03.27"]
[Round "2.19"]
[White "Krstulovic, Alex"]
[Black "Heyl, Thomas"]
[Result "0-1"]
[WhiteElo "1795"]
[BlackElo "2032"]
[PlyCount "64"]
[EventDate "2012.03.26"]

1. d4 d5 2. c4 e6 3. Nc3 Nf6 4. cxd5 exd5 5. Bg5 Nbd7 6. e3 Bb4 7. Nf3 c5 8.
Bd3 Qa5 9. Qc2 c4 10. Bf5 O-O 11. O-O Re8 12. Nd2 g6 13. Bh3 Kg7 14. Rae1 h6
15. Bh4 Bxc3 16. Qxc3 Qxc3 17. bxc3 Ne4 18. Nxe4 dxe4 19. Bxd7 Bxd7 20. f3 g5
21. Bg3 f6 22. Kf2 Bc6 23. h4 Rad8 24. Re2 Rd5 25. f4 g4 26. Rb2 Ra5 27. Rd1
Rd8 28. Ke2 Rdd5 29. Rdd2 b6 30. Kd1 Ra3 31. Rdc2 Ba4 32. Be1 Ra5 0-1

[Event "28. SPRING FESTIVAL -  BUDAPEST"]
[Site "Budapest"]
[Date "2012.03.27"]
[Round "2.20"]
[White "Barla, Janos"]
[Black "Letay, Gyula"]
[Result "1/2-1/2"]
[WhiteElo "1792"]
[BlackElo "1989"]
[PlyCount "51"]
[EventDate "2012.03.26"]

1. e4 c5 2. f4 e6 3. Nf3 Nc6 4. Be2 d5 5. e5 d4 6. O-O Nge7 7. a3 Nd5 8. Ng5 h5
9. Ne4 Be7 10. Kh1 a6 11. Qe1 Bd7 12. Qg3 Rg8 13. c3 b5 14. b4 c4 15. cxd4 Nxd4
16. Bd1 Bc6 17. Nbc3 Nf5 18. Qh3 Nxc3 19. Nxc3 Qd4 20. Bf3 Qd7 21. Bxc6 Qxc6
22. a4 Rd8 23. axb5 axb5 24. Qf3 Qxf3 25. gxf3 Nd4 26. Rb1 {after 31 move}
1/2-1/2

[Event "28. SPRING FESTIVAL -  BUDAPEST"]
[Site "Budapest"]
[Date "2012.03.28"]
[Round "3.1"]
[White "Galyas, Miklos"]
[Black "Boguszlavszkij, Jevgenyij"]
[Result "1-0"]
[WhiteElo "2445"]
[BlackElo "2238"]
[PlyCount "45"]
[EventDate "2012.03.26"]

1. c4 e5 2. Nc3 Nf6 3. Nf3 Nc6 4. e4 g6 5. d4 exd4 6. Nxd4 Bg7 7. Be3 Ng4 8.
Qxg4 Nxd4 9. Qd1 Nc6 10. h4 d6 11. h5 Be6 12. Be2 Qd7 13. Qd2 O-O-O 14. Nd5 f5
15. h6 Bf8 16. Bg5 fxe4 17. Bxd8 Qxd8 18. O-O-O Ne5 19. Qe3 c6 20. Nc3 Be7 21.
Nxe4 Qa5 22. Nxd6+ Kb8 23. f4 1-0

[Event "28. SPRING FESTIVAL -  BUDAPEST"]
[Site "Budapest"]
[Date "2012.03.28"]
[Round "3.3"]
[White "Radnai, Adam"]
[Black "Varga, Melinda"]
[Result "1-0"]
[WhiteElo "2269"]
[BlackElo "2172"]
[PlyCount "53"]
[EventDate "2012.03.26"]

1. d4 d5 2. c4 c6 3. Nf3 Nf6 4. Qc2 dxc4 5. e3 b5 6. b3 cxb3 7. axb3 e6 8. Bd2
Nd5 9. Bd3 Nb4 10. Bxb4 Bxb4+ 11. Nbd2 h6 12. Ne5 Bb7 13. f4 O-O 14. f5 Qg5 15.
O-O-O exf5 16. Bxf5 Qxe3 17. Rhf1 g6 18. Bxg6 Qc3 19. Bxf7+ Kg7 20. Qxc3 Bxc3
21. Ne4 Bb4 22. Rd3 Be7 23. Rg3+ Bg5+ 24. Nxg5 hxg5 25. Rxg5+ Kh6 26. Rg6+ Kh7
27. Rf5 1-0

[Event "28. SPRING FESTIVAL -  BUDAPEST"]
[Site "Budapest"]
[Date "2012.03.28"]
[Round "3.5"]
[White "Csonka, Balazs"]
[Black "Borda, Lajos"]
[Result "1-0"]
[WhiteElo "2299"]
[BlackElo "2100"]
[PlyCount "65"]
[EventDate "2012.03.26"]

1. d4 Nf6 2. c4 e5 3. dxe5 Ng4 4. Bf4 Bb4+ 5. Nd2 Nc6 6. Ngf3 Qe7 7. e3 Ngxe5
8. Nxe5 Nxe5 9. Be2 a5 10. O-O Bxd2 11. Qxd2 O-O 12. c5 d6 13. cxd6 cxd6 14.
Rfd1 Rd8 15. Qc3 Bf5 16. Rd2 h5 17. Rad1 Rdc8 18. Qa3 Bc2 19. Rc1 Bd3 20. Rxc8+
Rxc8 21. Rxd3 Nxd3 22. Qxd3 Rc1+ 23. Bf1 d5 24. Qxd5 Qb4 25. Qd8+ Kh7 26. Qd3+
Kg8 27. Be5 Qa4 28. Bc3 b5 29. g3 b4 30. Be5 Qxa2 31. Qd8+ Kh7 32. Kg2 Rxf1 33.
Qd3+ 1-0

[Event "28. SPRING FESTIVAL -  BUDAPEST"]
[Site "Budapest"]
[Date "2012.03.28"]
[Round "3.6"]
[White "Rodriguez Lopez, Rafael"]
[Black "Kearns, Christopher"]
[Result "1-0"]
[WhiteElo "2266"]
[BlackElo "2079"]
[PlyCount "129"]
[EventDate "2012.03.26"]

1. e4 e6 2. d4 d5 3. Nc3 dxe4 4. Nxe4 Nd7 5. Nf3 Ngf6 6. Bd3 c5 7. Nxc5 Nxc5 8.
dxc5 Bxc5 9. Qe2 O-O 10. Bg5 Be7 11. O-O-O Qc7 12. Ne5 Nd5 13. Bd2 Bd6 14. Rhe1
Bxe5 15. Qxe5 Qxe5 16. Rxe5 Bd7 17. c4 Nf6 18. f3 Rac8 19. Bc3 Bc6 20. Re2 Nh5
21. Red2 Nf4 22. Bf1 Ng6 23. b3 Rfe8 24. Kb2 a6 25. a4 f5 26. Bd3 Red8 27. Bc2
Rxd2 28. Rxd2 Ne7 29. f4 Kf7 30. Bb4 Ng8 31. g3 Rc7 32. Ba5 Rd7 33. Rxd7+ Bxd7
34. Kc3 Ke7 35. Bb4+ Kd8 36. Bf8 Nf6 37. Bxg7 Ng4 38. h3 Ne3 39. Bd3 Nd1+ 40.
Kd4 Nf2 41. Bc2 Bc6 42. g4 fxg4 43. hxg4 Nxg4 44. Bxh7 Kd7 45. Bc2 Nf2 46. b4
Ke7 47. b5 axb5 48. cxb5 Bg2 49. a5 Bf1 50. Kc5 Kd7 51. Kb6 Kc8 52. Bb3 Bh3 53.
a6 bxa6 54. bxa6 Kb8 55. Be5+ Ka8 56. Ba4 Bg2 57. Bd7 Nd3 58. Bxe6 Nb4 59. Bc8
Nd5+ 60. Kc5 Ka7 61. f5 Nb6 62. f6 Bd5 63. Bd4 Nxc8 64. Kxd5+ Kxa6 65. Bc5 1-0

[Event "28. SPRING FESTIVAL -  BUDAPEST"]
[Site "Budapest"]
[Date "2012.03.28"]
[Round "3.7"]
[White "Varga, Klara"]
[Black "Lyell, Mark"]
[Result "1-0"]
[WhiteElo "2181"]
[BlackElo "2202"]
[PlyCount "75"]
[EventDate "2012.03.26"]

1. e4 e5 2. Nf3 Nc6 3. Bb5 f5 4. d3 fxe4 5. dxe4 Nf6 6. Qd3 Bb4+ 7. c3 Be7 8.
O-O O-O 9. Ng5 Qe8 10. f4 Bc5+ 11. Kh1 Bb6 12. f5 Qh5 13. a4 a6 14. Bc4+ Kh8
15. Bb3 Ne7 16. Bd1 Qe8 17. a5 Ba7 18. c4 Nc6 19. Nc3 d6 20. Nd5 Nxd5 21. cxd5
Nd4 22. Qh3 h6 23. Bd2 Kg8 24. Bh5 Qb5 25. Bg6 Rf6 26. Qh5 Qe2 27. Qxe2 Nxe2
28. Nh7 Rxg6 29. fxg6 Bg4 30. Rf7 Nf4 31. Bxf4 exf4 32. Rxf4 Bh5 33. Raf1 Bxg6
34. Nf8 Bh5 35. Ne6 Bg6 36. Rf8+ Rxf8 37. Rxf8+ Kh7 38. Ra8 1-0

[Event "28. SPRING FESTIVAL -  BUDAPEST"]
[Site "Budapest"]
[Date "2012.03.28"]
[Round "3.8"]
[White "Egri, Laszlo Jr"]
[Black "Kormos, Adam"]
[Result "0-1"]
[WhiteElo "2075"]
[BlackElo "2194"]
[PlyCount "132"]
[EventDate "2012.03.26"]

1. e4 c5 2. Nf3 d6 3. d4 cxd4 4. Nxd4 Nf6 5. Nc3 g6 6. Be3 Bg7 7. f3 Nc6 8. Qd2
O-O 9. O-O-O Bd7 10. Kb1 Ne5 11. g4 b5 12. h4 Rc8 13. h5 Nxf3 14. Nxf3 Bxg4 15.
h6 Bh8 16. Be2 b4 17. Nd5 Nxe4 18. Qxb4 e6 19. Qxe4 Bf5 20. Qa4 Bxc2+ 21. Qxc2
Rxc2 22. Kxc2 exd5 23. Bd4 Qe8 24. Bd3 Qa4+ 25. Kb1 Bxd4 26. Bc2 Qa5 27. Rxd4
Qd8 28. Rhd1 Qf6 29. R1d3 Re8 30. Rxd5 Qf4 31. Rxd6 Qxh6 32. Bb3 Re7 33. a3 Re3
34. Ka2 Rxd3 35. Rxd3 Qf4 36. Ng1 Qf1 37. Rd1 Qf2 38. Bc4 Qf4 39. Kb3 Qg3+ 40.
Kb4 Kg7 41. Ne2 Qb8+ 42. Kc3 Qc7 43. Nd4 Qe5 44. Kb4 Qe7+ 45. Kb3 h5 46. Rd3
Kh6 47. Rf3 f6 48. Kc3 Qe5 49. Kd3 h4 50. Re3 Qd6 51. Re8 Qg3+ 52. Ke4 Qg2+ 53.
Ke3 Qxb2 54. Rh8+ Kg7 55. Rxh4 Qxa3+ 56. Ke4 f5+ 57. Nxf5+ gxf5+ 58. Kxf5 Qc5+
59. Ke6 Qc6+ 60. Ke5 Qc5+ 61. Ke6 Qc8+ 62. Ke5 Qe8+ 63. Kf5 Qf8+ 64. Kg4 Kf6
65. Kf3 Kg5+ 66. Kg3 Qa3+ 0-1

[Event "28. SPRING FESTIVAL -  BUDAPEST"]
[Site "Budapest"]
[Date "2012.03.28"]
[Round "3.9"]
[White "Vereb, Gabor"]
[Black "Juhasz, Armin"]
[Result "0-1"]
[WhiteElo "2170"]
[BlackElo "2184"]
[PlyCount "72"]
[EventDate "2012.03.26"]

1. e4 c5 2. Nf3 g6 3. d4 cxd4 4. Nxd4 Nc6 5. c4 Nf6 6. Nc3 d6 7. Be2 Bg7 8. Be3
O-O 9. O-O Bd7 10. Qd2 Nxd4 11. Bxd4 Bc6 12. f3 a5 13. Rac1 a4 14. Rfd1 Nd7 15.
Bxg7 Kxg7 16. Qd4+ Kg8 17. h4 Qb6 18. Qxb6 Nxb6 19. Nd5 Bxd5 20. cxd5 Rfc8 21.
Kf2 Kg7 22. g4 h6 23. Ke3 g5 24. hxg5 hxg5 25. Kd4 Nd7 26. Bb5 Ne5 27. Ke3 a3
28. b4 Kf6 29. Be2 Ng6 30. Rxc8 Rxc8 31. Rd3 Rc2 32. Rxa3 Rb2 33. b5 Nf4 34.
Bc4 Ke5 35. Ra7 Rc2 36. Bb3 Re2# 0-1

[Event "28. SPRING FESTIVAL -  BUDAPEST"]
[Site "Budapest"]
[Date "2012.03.28"]
[Round "3.10"]
[White "Bodrogi, Mihaly"]
[Black "Kahn, Evarth Dr"]
[Result "0-1"]
[WhiteElo "2057"]
[BlackElo "2265"]
[PlyCount "118"]
[EventDate "2012.03.26"]

1. e4 c5 2. Nf3 d6 3. b3 e5 4. Nc3 g6 5. Bb5+ Nc6 6. d3 Bg7 7. Bg5 f6 8. Be3
Be6 9. Bc4 Qd7 10. Nd5 Rc8 11. h3 Nge7 12. Nxe7 Nxe7 13. Bxe6 Qxe6 14. c4 O-O
15. Qd2 f5 16. Bh6 Nc6 17. a3 fxe4 18. dxe4 Rxf3 19. gxf3 Nd4 20. Kf1 Nxb3 21.
Qc3 Nxa1 22. Bxg7 Kxg7 23. Kg2 b5 24. Rxa1 Qxc4 25. Qa5 Qa4 26. Qd2 Qd4 27. Qe1
c4 28. Rd1 Qc5 29. Qc3 a6 30. Rd5 Qb6 31. f4 Rf8 32. Qd2 Rxf4 33. Rxd6 Rxf2+
34. Qxf2 Qxd6 35. Qa7+ Kf6 36. Qxh7 Qd2+ 37. Kg1 Qe3+ 38. Kf1 Qxe4 39. Qh8+ Kf7
40. Qh7+ Ke6 41. Qg8+ Kd6 42. Qb8+ Kd5 43. Qd8+ Kc5 44. Qc7+ Kd4 45. Qb6+ Kd3
46. Qxa6 Qh1+ 47. Kf2 Qh2+ 48. Kf1 Qxh3+ 49. Kg1 Qg4+ 50. Kh1 Qh5+ 51. Kg2 e4
52. Qd6+ Kc2 53. a4 bxa4 54. Qc6 Qe2+ 55. Kg1 a3 56. Qa4+ Kb2 57. Qb4+ Ka2 58.
Qc5 e3 59. Kh1 Qh5+ 0-1

[Event "28. SPRING FESTIVAL -  BUDAPEST"]
[Site "Budapest"]
[Date "2012.03.28"]
[Round "3.11"]
[White "Szalanczy, Emil"]
[Black "Kiss, Peter"]
[Result "1-0"]
[WhiteElo "2249"]
[BlackElo "2051"]
[PlyCount "87"]
[EventDate "2012.03.26"]

1. e4 e6 2. d4 b6 3. Bd3 Bb7 4. Nf3 c5 5. c3 d6 6. O-O g6 7. Bf4 cxd4 8. cxd4
a6 9. Nc3 Bg7 10. Qa4+ b5 11. Qa3 Bf8 12. Qb3 Nc6 13. d5 Na5 14. Qb4 e5 15. Be3
Rc8 16. Nxb5 axb5 17. Qxb5+ Bc6 18. dxc6 Nxc6 19. Rfc1 Nge7 20. Bg5 Qd7 21. Bf6
Rg8 22. Ng5 Bh6 23. Nxh7 Bxc1 24. Rxc1 Nd4 25. Rxc8+ Nxc8 26. Qa6 Qc7 27. h4
Nc6 28. Bb5 Nb6 29. Bg5 Rg7 30. Nf6+ Kf8 31. a4 Nb8 32. Qa5 Nd5 33. Qd2 Nxf6
34. Bxf6 Rh7 35. b4 Nd7 36. Bxd7 Qxd7 37. Qd5 Qe6 38. Qa8+ Qe8 39. Qa7 Qc8 40.
g3 Kg8 41. Qe7 g5 42. Bxg5 Qf8 43. Qf6 Qb8 44. b5 1-0

[Event "28. SPRING FESTIVAL -  BUDAPEST"]
[Site "Budapest"]
[Date "2012.03.28"]
[Round "3.12"]
[White "Heyl, Thomas"]
[Black "Metaxasz, Vaszilisz"]
[Result "1/2-1/2"]
[WhiteElo "2032"]
[BlackElo "2166"]
[PlyCount "37"]
[EventDate "2012.03.26"]

1. d4 d5 2. Nf3 Nf6 3. e3 e6 4. Bd3 c5 5. O-O Nc6 6. b3 Bd7 7. Bb2 Rc8 8. a3
cxd4 9. exd4 Bd6 10. Nbd2 Qc7 11. Re1 O-O 12. Ne5 Ne7 13. Nf1 Ng6 14. Qf3 Bc6
15. Nxg6 hxg6 16. Qe2 Rfe8 17. g3 Re7 18. Nd2 a6 19. f4 1/2-1/2

[Event "28. SPRING FESTIVAL -  BUDAPEST"]
[Site "Budapest"]
[Date "2012.03.28"]
[Round "3.13"]
[White "Koczo, Kristof"]
[Black "Havaskori, Laszlo"]
[Result "1-0"]
[WhiteElo "2138"]
[BlackElo "1977"]
[PlyCount "81"]
[EventDate "2012.03.26"]

1. d4 f5 2. c4 Nf6 3. g3 g6 4. Bg2 Bg7 5. Nf3 e6 6. O-O d6 7. b4 O-O 8. Bb2
Nbd7 9. c5 Nd5 10. Qb3 N7f6 11. Nbd2 Ne7 12. a4 d5 13. b5 c6 14. Ne5 Qe8 15.
Ndf3 Ne4 16. Nd3 g5 17. Bc1 Qh5 18. Nfe5 Bxe5 19. Nxe5 f4 20. gxf4 gxf4 21. Qh3
Qxh3 22. Bxh3 Ng6 23. bxc6 bxc6 24. Nxc6 Ng5 25. Bg4 Kf7 26. Bh5 Kg7 27. Kh1
Ne4 28. f3 Nc3 29. Bd2 Nxe2 30. Rf2 Ba6 31. Re1 Kh6 32. Bxg6 hxg6 33. Rfxe2
Bxe2 34. Rxe2 Rac8 35. Rxe6 Kh5 36. Ne7 Rb8 37. Nxg6 Rb1+ 38. Be1 Rf7 39. Ne7
Rd1 40. c6 Rf6 41. Re5+ 1-0

[Event "28. SPRING FESTIVAL -  BUDAPEST"]
[Site "Budapest"]
[Date "2012.03.28"]
[Round "3.14"]
[White "Marosi, Levente"]
[Black "Farkas, Richard"]
[Result "1/2-1/2"]
[WhiteElo "1959"]
[BlackElo "2111"]
[PlyCount "49"]
[EventDate "2012.03.26"]

1. e4 c5 2. Nf3 e6 3. d4 cxd4 4. Nxd4 a6 5. Bd3 Bc5 6. Nb3 Be7 7. Nc3 Qc7 8. f4
d6 9. Be3 Nf6 10. Qf3 Nc6 11. g4 h6 12. Rg1 Bd7 13. O-O-O Rc8 14. Kb1 b5 15. h4
h5 16. gxh5 Nxh5 17. Nd4 Bf6 18. Nxc6 Qxc6 19. Ne2 g6 20. Nd4 Qb7 21. Qf2 Qc7
22. f5 gxf5 23. exf5 e5 24. Nb3 Bc6 25. Rde1 1/2-1/2

[Event "28. SPRING FESTIVAL -  BUDAPEST"]
[Site "Budapest"]
[Date "2012.03.28"]
[Round "3.15"]
[White "Mester, Attila"]
[Black "Wang, Xinyue"]
[Result "0-1"]
[WhiteElo "2104"]
[BlackElo "1954"]
[PlyCount "44"]
[EventDate "2012.03.26"]

1. e4 e5 2. Bc4 Bc5 3. Nc3 Nc6 4. Qg4 Qf6 5. Nd5 Qxf2+ 6. Kd1 Kf8 7. Nh3 Qd4 8.
d3 Nf6 9. Qf3 Be7 10. c3 Qc5 11. b4 Qd6 12. Ne3 Nd8 13. Nf5 Qc6 14. b5 Qb6 15.
Be3 Qa5 16. Kc2 d6 17. g4 d5 18. exd5 Qa4+ 19. Kd2 e4 20. Qf4 exd3 21. Nxe7
Qc2+ 22. Ke1 Qe2# 0-1

[Event "28. SPRING FESTIVAL -  BUDAPEST"]
[Site "Budapest"]
[Date "2012.03.28"]
[Round "3.16"]
[White "Peczely, Gyorgy Dr"]
[Black "Grimm, Daniel"]
[Result "0-1"]
[WhiteElo "1878"]
[BlackElo "2067"]
[PlyCount "118"]
[EventDate "2012.03.26"]

1. e4 c5 2. Nf3 Nc6 3. d4 cxd4 4. Nxd4 Nf6 5. Nc3 e5 6. Ndb5 d6 7. Bg5 a6 8.
Na3 b5 9. Nd5 Be7 10. Bxf6 Bxf6 11. c3 Bg5 12. Nc2 O-O 13. a4 bxa4 14. Rxa4 a5
15. Bc4 Rb8 16. b3 Kh8 17. Nce3 g6 18. Qe2 f5 19. h4 Bxe3 20. Qxe3 f4 21. Qe2
Bd7 22. Ra1 Be6 23. Ra4 Bxd5 24. exd5 f3 25. gxf3 Ne7 26. Qd1 Rf4 27. Be2 Rxa4
28. bxa4 Qc7 29. c4 Nf5 30. Bd3 Nd4 31. Rh3 Nb3 32. Rg3 Qe7 33. Rg4 Nc5 34. Bc2
Qf6 35. Kf1 Rb4 36. Kg2 e4 37. Bxe4 Rxc4 38. Qb1 Rb4 39. Qc2 Rxa4 40. Kg3 Rb4
41. Qd2 Qe5+ 42. Kh3 Nxe4 43. Rxe4 Rxe4 44. fxe4 Qxe4 45. Qxa5 Qf3+ 46. Kh2
Qxf2+ 47. Kh3 Qe3+ 48. Kh2 Qf4+ 49. Kh3 Kg7 50. Qc7+ Kh6 51. Qb7 Qf3+ 52. Kh2
Qg4 53. Qe7 Qf4+ 54. Kg2 Qd2+ 55. Kg3 Qxd5 56. Qe3+ g5 57. Kh3 Qf5+ 58. Kg2
Qg4+ 59. Kf1 Qf4+ 0-1

[Event "28. SPRING FESTIVAL -  BUDAPEST"]
[Site "Budapest"]
[Date "2012.03.29"]
[Round "4.1"]
[White "Farago, Sandor"]
[Black "Galyas, Miklos"]
[Result "1/2-1/2"]
[WhiteElo "2296"]
[BlackElo "2445"]
[PlyCount "59"]
[EventDate "2012.03.26"]

1. e4 e6 2. d4 d5 3. Nc3 Bb4 4. e5 Ne7 5. Bd2 b6 6. Nf3 Qd7 7. Bb5 c6 8. Bd3
Ba6 9. a3 Bxc3 10. Bxc3 Bxd3 11. Qxd3 c5 12. dxc5 bxc5 13. b4 c4 14. Qd2 Nf5
15. a4 a6 16. O-O O-O 17. Nd4 Nxd4 18. Bxd4 Nc6 19. c3 f6 20. Rfe1 Rae8 21. Re3
fxe5 22. Bxe5 Ne7 23. f4 Nc6 24. Rae1 Rf7 25. a5 Ref8 26. g3 h6 27. Bd4 Re8 28.
R3e2 Rff8 29. Qe3 Rf5 30. Qd2 1/2-1/2

[Event "28. SPRING FESTIVAL -  BUDAPEST"]
[Site "Budapest"]
[Date "2012.03.29"]
[Round "4.2"]
[White "Rodriguez Lopez, Rafael"]
[Black "Radnai, Adam"]
[Result "0-1"]
[WhiteElo "2266"]
[BlackElo "2269"]
[PlyCount "78"]
[EventDate "2012.03.26"]

1. e4 c5 2. Nf3 Nf6 3. Nc3 d5 4. exd5 Nxd5 5. Bb5+ Bd7 6. Ne5 Nf6 7. Nxd7 Nbxd7
8. d4 a6 9. Be2 cxd4 10. Qxd4 e5 11. Qd3 Bb4 12. O-O O-O 13. Ne4 Qc7 14. c3 Be7
15. Ng3 Nc5 16. Qc2 g6 17. Bh6 Rfd8 18. Rad1 Ne6 19. Bf3 Nd4 20. Qd3 Nf5 21.
Nxf5 Rxd3 22. Nxe7+ Qxe7 23. Rxd3 e4 24. Re1 Qc5 25. Bxe4 Re8 26. Rd4 Qh5 27.
Bd2 Nxe4 28. Rdxe4 Rxe4 29. Rxe4 Qd1+ 30. Be1 Qc2 31. Re8+ Kg7 32. b4 Qxa2 33.
f3 b6 34. h3 Qa4 35. Re4 Qd7 36. Kf2 a5 37. bxa5 bxa5 38. c4 Qa7+ 39. Kg3 a4
0-1

[Event "28. SPRING FESTIVAL -  BUDAPEST"]
[Site "Budapest"]
[Date "2012.03.29"]
[Round "4.3"]
[White "Juhasz, Armin"]
[Black "Csonka, Balazs"]
[Result "1/2-1/2"]
[WhiteElo "2184"]
[BlackElo "2299"]
[PlyCount "23"]
[EventDate "2012.03.26"]

1. d4 d5 2. c4 c6 3. cxd5 cxd5 4. Nc3 Nf6 5. Bf4 Nc6 6. e3 Bf5 7. Nf3 e6 8. Qb3
Bb4 9. Bb5 Bxc3+ 10. bxc3 O-O 11. Bxc6 bxc6 12. O-O 1/2-1/2

[Event "28. SPRING FESTIVAL -  BUDAPEST"]
[Site "Budapest"]
[Date "2012.03.29"]
[Round "4.4"]
[White "Kormos, Adam"]
[Black "Padhya, Saumil"]
[Result "0-1"]
[WhiteElo "2194"]
[BlackElo "2187"]
[PlyCount "120"]
[EventDate "2012.03.26"]

1. e4 c5 2. Nf3 d6 3. d4 cxd4 4. Nxd4 Nf6 5. Nc3 a6 6. Be3 e5 7. Nb3 Be6 8. Qd2
Nbd7 9. O-O-O Be7 10. f4 exf4 11. Bxf4 Ne5 12. Nd4 O-O 13. Nf5 Bxf5 14. exf5
Rc8 15. g4 Nfxg4 16. Rg1 g6 17. Bh3 Rc4 18. Nd5 Nf6 19. Bxe5 dxe5 20. Qe2 Nxd5
21. Qxc4 Ne3 22. Rxd8 Nxc4 23. Rd7 Bc5 24. Re1 Be3+ 25. Kb1 b5 26. b3 Nd2+ 27.
Kb2 Bf4 28. fxg6 hxg6 29. Rd1 Nf3 30. Bg2 Nxh2 31. Rb7 Ng4 32. Rdd7 e4 33. Re7
e3 34. Bf3 Ne5 35. Be2 Rd8 36. Kc3 g5 37. a4 bxa4 38. bxa4 g4 39. Rb1 g3 40.
Bxa6 g2 41. Rg1 Kf8 42. Rb7 Rd2 43. Rb8+ Ke7 44. Rg8 Ng6 45. Bb7 Bh2 46. Rxg2
Be5+ 47. Kb3 Rxg2 48. Ba6 Rg3 49. c3 Nf8 50. Rxg3 Bxg3 51. Be2 Ne6 52. a5 Bc7
53. a6 Bb6 54. Kb4 Kd6 55. Kb5 Kc7 56. Kc4 Nf4 57. Bf3 e2 58. Bxe2 Nxe2 59. Kd5
Nxc3+ 60. Ke5 Kd7 0-1

[Event "28. SPRING FESTIVAL -  BUDAPEST"]
[Site "Budapest"]
[Date "2012.03.29"]
[Round "4.8"]
[White "Wang, Xinyue"]
[Black "Szalanczy, Emil"]
[Result "0-1"]
[WhiteElo "1954"]
[BlackElo "2249"]
[PlyCount "86"]
[EventDate "2012.03.26"]

1. c4 c5 2. Nc3 g6 3. g3 Bg7 4. Bg2 Nc6 5. d3 Nf6 6. e4 d6 7. Nge2 Rb8 8. O-O
a6 9. f4 Bd7 10. Rb1 b5 11. b3 b4 12. Nd5 Nxd5 13. cxd5 Nd4 14. Nxd4 cxd4 15.
Bd2 a5 16. Qe2 Rc8 17. Rbc1 Rc3 18. Bxc3 dxc3 19. Qe3 O-O 20. e5 a4 21. e6 Be8
22. f5 f6 23. g4 Qa5 24. Be4 axb3 25. axb3 Qa2 26. Ra1 Qxb3 27. Ra7 c2 28. Rxe7
Qc3 29. Rb7 b3 30. e7 b2 31. exf8=Q+ Bxf8 32. Rxb2 Qxb2 33. d4 Bh6 34. Qxh6
Qxd4+ 35. Rf2 Qxe4 36. h3 g5 37. Rxc2 Qxc2 38. Qxf6 Qc5+ 39. Kh2 Qf2+ 40. Kh1
Qf1+ 41. Kh2 Qf4+ 42. Kg2 Bf7 43. Qe7 h6 0-1

[Event "28. SPRING FESTIVAL -  BUDAPEST"]
[Site "Budapest"]
[Date "2012.03.29"]
[Round "4.9"]
[White "Nadassy, Attila"]
[Black "Brustkern, Juergen"]
[Result "0-1"]
[WhiteElo "2062"]
[BlackElo "2229"]
[PlyCount "50"]
[EventDate "2012.03.26"]

1. d4 d5 2. Nc3 Nf6 3. Bf4 c6 4. e3 g6 5. h3 b5 6. a3 Bg7 7. Nf3 O-O 8. Bd3
Nbd7 9. O-O a6 10. e4 e6 11. e5 Nh5 12. Bg5 f6 13. exf6 Bxf6 14. Bh6 Bg7 15.
Bxg7 Kxg7 16. Ne2 Rxf3 17. gxf3 Qh4 18. Kg2 e5 19. dxe5 Nxe5 20. Rh1 Bd7 21. f4
Rf8 22. Qd2 Rxf4 23. Qe3 Qg5+ 24. Kf1 d4 25. Rg1 dxe3 0-1